Motivace a stabilizace zaměstnanců v době krize

Problematika zamestnancov v bankovom sektore a rozvoj ľudských zdrojov v bankách. Stabilizácia manažérov a radových zamestnancov v bankách v čase hospodárskej krízy. Plnenie ukazovateľov a znižovanie nákladov v súčasnej hospodárskej situácii. Motivačné programy a vzdelanosť zamestnancov.

Salvato in:
Dettagli Bibliografici
Autore principale: Nemečková, Iveta
Natura: Capitolo di libro
Lingua:ceco
Soggetti:
Tags: Aggiungi Tag
Nessun Tag, puoi essere il primo ad aggiungerne!!

MARC

LEADER 00000naa$a2200000$$$4500
001 0106313
005 20231129092803.8
041 0 |a cze 
044 |a CZ 
245 1 0 |a Motivace a stabilizace zaměstnanců v době krize  |c Iveta Nemečková 
520 |a Problematika zamestnancov v bankovom sektore a rozvoj ľudských zdrojov v bankách. Stabilizácia manažérov a radových zamestnancov v bankách v čase hospodárskej krízy. Plnenie ukazovateľov a znižovanie nákladov v súčasnej hospodárskej situácii. Motivačné programy a vzdelanosť zamestnancov. 
610 2 0 |a bankovníctvo 
610 2 0 |a zamestnanci 
610 2 0 |a manažéri 
610 2 0 |a motivácia pracovná 
610 2 0 |a stabilizácia pracovníkov 
610 2 0 |a náklady 
610 2 0 |a vzdelávanie 
100 1 |a Nemečková, Iveta